les 20 plus gros transferts de l'Atletico Madrid - Statistiques

Statistiques générales
  • Ce quiz a été pris 197 fois
  • Le résultat moyen est 11 sur 20
Statistiques - réponses
Club Transfert Club Joueur % Correct
Benfica 127.20M Atletico madrid Felix
99%
Atletico madrid 120M Barcelone Griezmann
98%
Monaco 72M Atletico madrid Lemar
94%
Atletico madrid 80M Bayern Munich Hernandez
86%
Atletico madrid 70M Manchester city Rodri
80%
Chelsea 60M Atletico madrid Costa
64%
Atletico madrid 38M Chelsea Costa
64%
Atletico madrid 43M Monaco Falcao
64%
Porto 40M Atletico madrid Falcao
64%
Atletico madrid 38M Liverpool Torres
57%
Chelsea 35M Atletico madrid Morata
55%
Atletico madrid 50M Wolverhampton Cunha
49%
Hertha 35M Atletico madrid Cunha
49%
Udinese 35M Atletico madrid De paul
48%
Atletico madrid 40M Manchester city Aguero
43%
Atletico madrid 42M GZ Evergrande Martinez
31%
Porto 35M Atletico madrid Martinez
31%
Atletico madrid 34M Barcelone Turan
26%
Seville 32M Atletico madrid Gameiro
23%
Seville 35M Atletico madrid Vitolo
16%
Aucun quiz correspondant
Distribution des résultats
% des personnes avec chaque résultat
Percentile par nombre de réponses
Votre historique - résultats
Vous n’avez pas pris ce quiz